00478nam a2200133 a 450000500170000000800410001705000220005810000190008024500530009926000380015265000140019099900190020495201210022320140414132103.0100726s19uu xx 00 eng d aM 372.6bP58 2004 aPicthall, Chez aMy world alphabet:bexploring letters and words. aUk :bPicthall &Gunzi Ltd,c2004. aWord book c114518d114518 00104050aMUbMUcMd2010-07-26eBkRewardg199.00l0oM 372.6 P58 2004pM6367r2014-04-14 00:00:00w2014-04-14yBK